| 000 | 01603nam a2200349 a 4500 | ||
|---|---|---|---|
| 001 | ebr10506519 | ||
| 003 | CaPaEBR | ||
| 006 | m u | ||
| 007 | cr cn||||||||| | ||
| 008 | 111205s2011 dcua sb 000 0 eng d | ||
| 020 | _z0309154162 | ||
| 020 | _z9780309154161 (e-book) | ||
| 040 |
_aCaPaEBR _cCaPaEBR |
||
| 035 | _a(OCoLC)727827683 | ||
| 050 | 1 | 4 |
_aR858 _b.D54 2011eb |
| 245 | 0 | 0 |
_aDigital infrastructure for the learning health system _h[electronic resource] : _bthe foundation for continuous improvement in health and health care : workshop series summary / _cClaudia Grossman, Brian Powers, and J. Michael McGinnis, rapporteurs and editors ; Institute of Medicine of the National Academies. |
| 260 |
_aWashington, D.C. : _bNational Academies Press, _c2011. |
||
| 300 |
_axxvi, 308 p. : _bcol. ill. |
||
| 490 | 1 | _aLearning health system series : roundtable on value & science-driven health care | |
| 504 | _aIncludes bibliographical references. | ||
| 533 |
_aElectronic reproduction. _bPalo Alto, Calif. : _cebrary, _d2011. _nAvailable via World Wide Web. _nAccess may be limited to ebrary affiliated libraries. |
||
| 650 | 0 | _aMedical informatics. | |
| 650 | 0 | _aMedical care. | |
| 655 | 7 |
_aElectronic books. _2local |
|
| 700 | 1 | _aGrossman, Claudia. | |
| 700 | 1 | _aPowers, Brian. | |
| 700 | 1 | _aMcGinnis, J. Michael. | |
| 710 | 2 | _aInstitute of Medicine (U.S.) | |
| 710 | 2 | _aebrary, Inc. | |
| 830 | 0 | _aLearning healthcare system series. | |
| 856 | 4 | 0 |
_uhttp://site.ebrary.com/lib/rucke/Doc?id=10506519 _zAn electronic book accessible through the World Wide Web; click to view |
| 999 |
_c218780 _d218780 |
||